Jimmy Stewart Movies - Statistics

General Stats
  • This quiz has been taken 303 times
  • The average score is 17 of 80
Answer Stats
Hint Answer % Correct
1946 It's a Wonderful Life
92%
1958 Vertigo
84%
1954 Rear Window
78%
1939 Mr. Smith Goes to Washington
75%
1940 The Philadelphia Story
71%
1950 Harvey
61%
1948 Rope
59%
1956 The Man Who Knew Too Much
59%
1962 The Man Who Shot Liberty Valance
54%
1962 How the West Was Won
41%
1976 The Shootist
40%
1950 Winchester '73
40%
1940 The Shop Around the Corner
39%
1954 The Glenn Miller Story
37%
1959 Anatomy of a Murder
32%
1938 You Can't Take It with You
32%
1965 Shenandoah
29%
1957 The Spirit of St. Louis
29%
1939 Destry Rides Again
27%
1991 An American Tail: Fievel Goes West
26%
1965 The Flight of the Phoenix
26%
1954 The Far Country
25%
1948 Call Northside 777
24%
1952 The Greatest Show on Earth
24%
1955 The Man from Laramie
23%
1958 Bell Book and Candle
22%
1977 Airport '77
21%
1950 Broken Arrow
20%
1941 Pot o' Gold
20%
1959 The FBI Story
20%
1953 The Naked Spur
20%
1966 The Rare Breed
20%
1970 The Cheyenne Social Club
19%
1952 Bend of the River
17%
1962 Mr. Hobbs Takes a Vacation
17%
1957 Night Passage
17%
1940 The Mortal Storm
17%
1949 The Stratton Story
17%
1939 It's a Wonderful World
16%
1968 Bandolero!
15%
1939 Made for Each Other
15%
1938 Vivacious Lady
15%
1936 After the Thin Man
14%
1951 No Highway in the Sky
13%
1955 Strategic Air Command
13%
1978 The Big Sleep
13%
1941 Ziegfeld Girl
12%
1964 Cheyenne Autumn
11%
1968 Firecreek
11%
1960 The Mountain Road
11%
1961 Two Rode Together
11%
1948 On Our Merry Way
9%
1965 Dear Brigitte
8%
1947 Magic Town
8%
1937 Navy Blue and Gold
8%
1963 Take Her, She's Mine
8%
1935 The Murder Man
8%
1939 The Ice Follies of 1939
7%
1950 The Jackpot
7%
1953 Thunder Bay
7%
1952 Carbine Williams
6%
1978 The Magic of Lassie
6%
1936 Born to Dance
5%
1941 Come Live with Me
5%
1940 No Time for Comedy
5%
1938 Of Human Hearts
5%
1936 Rose-Marie
5%
1937 Seventh Heaven
5%
1938 The Shopworn Angel
5%
1936 Wife vs. Secretary
5%
1949 Malaya
4%
1936 Next Time We Love
4%
1936 Small Town Girl
4%
1936 Speed
4%
1936 The Gorgeous Hussy
4%
1980 Afurika Monogatari
2%
1937 The Last Gangster
2%
1948 You Gotta Stay Happy
2%
1971 Fools' Paradise
1%
1961 X-15
1%
No matching quizzes found
Score Distribution
Percent of People with Each Score
Percentile by Number Answered
Your Score History
You have not taken this quiz